Pays par images partielles de drapeaux #5 - Statistiques

Statistiques générales
  • Ce quiz a été pris 37 474 fois
  • Le résultat moyen est 13 sur 16
Statistiques - réponses
Par images Réponse % Correct
Allemagne
97%
Iran
95%
Finlande
94%
Panama
92%
Chili
90%
Bosnie-Herzégovine
88%
Angola
84%
Saint-Marin
80%
Syrie
79%
Éthiopie
77%
Mongolie
76%
Népal
75%
Cap-Vert
65%
Norvège
59%
Paraguay
56%
Guatemala
46%
Aucun quiz correspondant
Distribution des résultats
% des personnes avec chaque résultat
Percentile par nombre de réponses
Votre historique - résultats
Vous n’avez pas pris ce quiz